| 000 | 00404pab a2200157 454500 | ||
|---|---|---|---|
| 008 | 180718b2003 xxu||||| |||| 00| 0 eng d | ||
| 100 | _aNoronha, Frederick | ||
| 245 | _aCommunity radio: singing new tunes in South Asia | ||
| 260 | _c2003 | ||
| 300 | _ap.2168-172. | ||
| 362 | _a31 May | ||
| 650 | _aRadio - South Asia | ||
| 650 | _aRadio | ||
| 773 | _aEconomic and Political Weekly | ||
| 909 | _a56868 | ||
| 999 |
_c56868 _d56868 |
||